Регионална библиотека "Любен Каравелов" - Русе

Продължение и обновление (Запис номер 123770)

MARC детайли
000 -Лидер
Контролно поле с фиксирана дължина 02100nam a2200445 c 4500
003 - Код на организацията, давaща контролен номер
Контролно поле BLK
005 - Дата и час на последна редакция
Контролно поле 20220516130546.0
008 - Елементи от данни с фиксирана дължина
fixed length control field 180409b bul|||||r ||||||| ||bul||
040 ## - Източник на каталожния запис
Идентификатор на билиотеката - собственик на записа BLK
041 ## - Код за език
Код за езика на текст/звукозапис или на отделно заглавие Български
Код за езика КДБФ Български
080 ## - УДК
Текстов определител УДК Комунистически партии. Вж и 327.323
УДК код - определител по УДК 329.15
УДК определител (439)
УДК - код + определител 329.15(439)
080 ## - УДК
Текстов определител УДК Цивилизация. Култура. Прогрес. История на културата вж 930.85
УДК код - определител по УДК 008
УДК определител (439)
УДК - код + определител 008(439)
100 1# - Редна дума - Автор
Автор Ацел, Дьорд
Авторска отговорност първи автор
R(LIN) 34936
139 ## - Редно поле
Редна дума Ацел, Дьорд
Авторски знак Ац - А 96
245 10 - Сведения за заглавието
Заглавие Продължение и обновление
Подзаглавни данни Избрани статии по въпросите на култ. политика
Редно поле (дума) Дьорд Ацел; прев. от унг. Юлия Димитрова; прев. от унг. Бойко Пангелов; с предг. от Атанас Стойков.
257 ## - Страна на издаване
Страна на създаване/издаване Унгария
260 ## - Област на издателските данни
Място на издаване, разпространение и проч. София
Име на издателя, разпространителя и проч. Наука и изкуство
Година на издаване 1982
Печатница Плевен : Ал. Пъшев
300 ## - Физическа характеристика
Страници 528 с.
Илюстрации и др. с портр.
Размери/Мащаб 21 см
380 ## - Жанр
Жанр Обществени науки
500 ## - Общи забележки
Забележка Ориг. загл. Folytatas es megujulas. - 916 тир. - Библиогр. след отд. статии.
650 #4 - Допълнително описание по предмет – тема
Основно описание – тема или топоним Унгария - история
9 (RLIN) 275670
650 #4 - Допълнително описание по предмет – тема
Основно описание – тема или топоним Комунистически партии
9 (RLIN) 275360
650 #4 - Допълнително описание по предмет – тема
Основно описание – тема или топоним Социализъм
9 (RLIN) 171390
650 #4 - Допълнително описание по предмет – тема
Основно описание – тема или топоним Култура
9 (RLIN) 159819
650 #4 - Допълнително описание по предмет – тема
Основно описание – тема или топоним Унгария
9 (RLIN) 268181
651 #4 - Допълнително описание по предмет - топоним
Географско понятие Унгария
9 (RLIN) 268181
653 ## - Ключова дума – ненормативна
Ключова дума комунистически партии
653 ## - Ключова дума – ненормативна
Ключова дума Унгария
653 ## - Ключова дума – ненормативна
Ключова дума социализъм
653 ## - Ключова дума – ненормативна
Ключова дума култура
700 1# - Други автори (авторска отговорност)
Лично име Димитрова, Юлия
Автороска отговорност (Описва отношението между автора и произведението) прев. от унг.
9 (RLIN) 368958
700 1# - Други автори (авторска отговорност)
Лично име Пангелов, Бойко
Автороска отговорност (Описва отношението между автора и произведението) прев. от унг.
9 (RLIN) 377294
700 1# - Други автори (авторска отговорност)
Лично име Стойков, Атанас
Автороска отговорност (Описва отношението между автора и произведението) с предг. от
Друга информация Атанасов, Атанас Стойков
9 (RLIN) 369553
852 ## - Местоположение
Форматна сигнатура Цб 118326
Фондова буква Хранилище
999 ## - СИСТЕМНИ КОНТРОЛНИ НОМЕРА
Koha biblionumber 123770
Koha biblioitemnumber 123770
942 ## - АРТИКУЛИ
Вид на библиотечния материал Книги
Скрит в OPAC Не
Периодичен библиозапис Да
944 ## - СЪЗДАВАНЕ И РЕДАКЦИЯ на ЗАПИСА
Създаване/Редакция Създаване
Дата на регистрацията/редакция 30.03.2012
Статус, дата на статуса 30.03.2012 - от С1,Р / 30.03.2012
Служител, извършил регистрацията/редакцията Грета_Цуфелде
944 ## - СЪЗДАВАНЕ И РЕДАКЦИЯ на ЗАПИСА
Създаване/Редакция Редакция
Дата на регистрацията/редакция 2022-05-16
Статус, дата на статуса 2022-05-16
Служител, извършил регистрацията/редакцията СТ
999 ## - СИСТЕМНИ КОНТРОЛНИ НОМЕРА
Koha biblioitemnumber 123770
Наличности
Код за отписване Код за изгубен артикул Източник на класификационната схема Код за повреда Коз за рестрикции Код за отдаване Артикулен № Име на библиотеката - собственик Име на библиотеката, в която се намира в момента Статус (Текущо местоположение) Дата на вписване в системата Местоположение - отдел Цена в лева Инвентарен номер Систематично азбучна сигнатура Баркод Номер на екземпляра Цена в евро Служебна бележка Служебен тип на артикула
  Не е изгубен Universal Decimal Classification Не е повреден без рестрикции ползва се в читалня 200514 Регионална библиотека "Любен Каравелов" Русе Регионална библиотека "Любен Каравелов" Русе Хранилище 1982-01-01 Хранилище 4.49 365774 Цб 118326 120000365774 1 2.30 N: стар фонд Дата: 01.01.1982 Книги
Vip Innovations Ltd, Rousse, Bulgaria 2025